000 00380pam a2200145 a 4500
020 _a0803961200
040 _cDLC
082 0 0 _a659 COR 1994 A039 Or.
100 1 _aWarner, Carolyn
245 1 0 _aPromoting your school :
_bgoing beyond PR /
260 _aThousand Oaks, CA :
_bCorwin Press,
_cc1994
300 _axxviii, 171 p. :
_bill. ;
_c28 cm
650 0 _aSchools
942 _cEK
999 _c11693
_d11693